Robo en foresta / (Registro nro. 12370)

Detalles MARC
000 -LEADER
fixed length control field 00857nam a22002777a 4500
001 - CONTROL NUMBER
control field 0012531474
003 - CONTROL NUMBER IDENTIFIER
control field DO-SdBNP
005 - DATE AND TIME OF LATEST TRANSACTION
control field 20180215085942.0
007 - PHYSICAL DESCRIPTION FIXED FIELD--GENERAL INFORMATION
fixed length control field 0012531474
008 - FIXED-LENGTH DATA ELEMENTS--GENERAL INFORMATION
fixed length control field 161208b 1988 sp a ||||| |||| 00| 0 spa d
020 ## - INTERNATIONAL STANDARD BOOK NUMBER
International Standard Book Number 8486452317
040 ## - CATALOGING SOURCE
Original cataloging agency BPMSU
Language of cataloging spa
Transcribing agency BPMSU
100 1# - MAIN ENTRY--PERSONAL NAME
Personal name Paterson, Cynthia
240 1# - UNIFORM TITLE
Uniform title <a href="Robbery at Foxwood.">Robbery at Foxwood.</a>
Language of a work Español
245 10 - TITLE STATEMENT
Title Robo en foresta /
Statement of responsibility, etc. escrito e ilustrado por Cynthia y Brian Paterson ; [traducción, Jorge Penalba].
260 ## - PUBLICATION, DISTRIBUTION, ETC. (IMPRINT)
Place of publication, distribution, etc. Madrid :
Name of publisher, distributor, etc. Europa,
Date of publication, distribution, etc. 1988.
300 ## - PHYSICAL DESCRIPTION
Extent [34] p. :
Other physical details il. ;
Dimensions 20 cm.
490 1# - SERIES STATEMENT
Series statement Cuentos de Foresta.
500 ## - GENERAL NOTE
General note Traducción de: Robbery at Foxwood
700 1# - ADDED ENTRY--PERSONAL NAME
Personal name Paterson, Brian
700 12 - ADDED ENTRY--PERSONAL NAME
Personal name Penalba, Jorge,
Relator term tr.
830 #0 - SERIES ADDED ENTRY--UNIFORM TITLE
Uniform title Cuentos de Foresta.
942 ## - ADDED ENTRY ELEMENTS (KOHA)
Source of classification or shelving scheme Dewey Decimal Classification
Koha item type Libros
945 ## - LOCAL PROCESSING INFORMATION (OCLC)
a Inventariado, 2018 /LP
956 ## - LOCAL ELECTRONIC LOCATION AND ACCESS (OCLC)
Host name LOPEREZ
Access number 10
Compression information 20161208
Processor of request BPMSU
Existencias
Withdrawn status Lost status Source of classification or shelving scheme Damaged status Not for loan Collection code Home library Current library Date acquired Source of acquisition Total Checkouts Barcode Date last seen Price effective from Koha item type
    Dewey Decimal Classification     Colección Infantil General Biblioteca Pública Metropolitana Salomé Ureña Biblioteca Pública Metropolitana Salomé Ureña 12/08/2016 Donación   BPMSU16120232 12/08/2016 12/08/2016 Libros